| 000 | 00675cab a2200217 4500 | ||
|---|---|---|---|
| 001 | WB2322-32 | ||
| 008 | 090401t1987 xxu||||| |||| 00| 0 eng d | ||
| 035 | _a(Sirsi) u7389 | ||
| 041 | _aeng | ||
| 245 | _aHampshire challenges M4 for relocation | ||
| 260 | _c1987 | ||
| 350 | _a0 | ||
| 490 |
_aEstates Times _vno 897, 5/6/87 p8 |
||
| 520 | _aSouth Hampshire is challenging the M4 corridor as a location for companies decentralising from London, according to a survey of the area by Coopers and Lybrand . | ||
| 650 | _aDECENTRALISATION | ||
| 650 | _aM27 CORRIDOR | ||
| 650 | _aOFFICES | ||
| 690 | _aPROPERTY-COMMERCIAL PROPERTY | ||
| 942 | _n0 | ||
| 948 | _c04/03/1997 | ||
| 999 |
_c4460 _d4460 |
||